| 000 | 00781nam a2200217 a 4500 | ||
|---|---|---|---|
| 003 | 0 | ||
| 005 | 20250311110421.0 | ||
| 008 | 080730s19uu xx 00 eng d | ||
| 050 |
_aPGS GV 1198 _b.H236 2008 |
||
| 100 | _aHandog, Ajel Angelo I. | ||
| 245 |
_aLevel of aggression of wrestling enthusiast / _cAjel Angelo I. Handog. |
||
| 260 |
_aLas PiƱas City, Philippines : _bSouthville International School and Colleges, _c2008. |
||
| 300 |
_a20 pages : _billustrations ; _c28 cm. |
||
| 504 | _aIncludes bibliographical references. | ||
| 650 | _aAggressiveness in children. . | ||
| 650 | _aSports and aggression. | ||
| 650 |
_aWrestling _vPsychological aspects. |
||
| 650 |
_aStudents _vPsychological aspects. |
||
| 650 | _aViolence in sports. | ||
| 942 |
_2lcc _cPASS |
||
| 999 |
_c97975 _d97975 |
||